000 00660nam a2200229Ia 4500
003 OSt
005 20221007075703.0
006 a|||||r|||| 00| 0
007 ta
008 221006b |||||||| |||| 00| 0 eng d
024 _a12,401
037 _cTextual
040 _aFLL
_cFLL
_beng
041 _2eng
_aeng
082 _aV2,8qN65, M1
100 _aBhatnagar A.S. Au.
_9694133
245 0 _aClassification control and appeal rules, 1965 and allied serivce matters
260 _aNew Delhi
_bOrient pub. India
_c1981
300 _axviii,440p
_ccm.
942 _hV2,8qN65, M1
_cTEXL
_2CC
999 _c1157008
_d1157008